Estatísticas para Morangos com Açúcar T3

Clique aqui para jogar o quiz

Estatísticas Gerais

  • Esse quiz foi jogado 46 vezes
  • A pontuação média é 9 de 15

Estatísticas das Respostas

HintResposta% Correto
Quem são o casal de protagonistas?Matilde e Tiago
100%
Como se chama o grupo composto pela Mónica,Mimi e Daniela?Popstar
90%
Qual a escola adversária do colégio da Barra?Navegantes
81%
Onde se conheceram os protagonistas?Cuba
77%
Quem é o sequestrador que esfaqueia a protagonista?Tupac
77%
Qual o nome do cantor a solo que surge nesta temporada?FF
74%
Que desporto estavam a praticar quando o protagonista foi salvo pela protagonista?Mergulho
71%
Como é a despedida do Dino?Ele a desaparecer num balão de ar quente
68%
Qual a banda que surge nesta temporada?4Taste
65%
Como se chama as gémeas?Rita e Sílvia
58%
Como se chama a casa onde é passada a série de verão?Surfhouse
48%
Como se chamam os alunos de intercâmbio?Salomé e Michael
32%
Como se chama o suposto fantasma da casa na série de verão?Floriano da Silva
19%
Quem são os caseiros da casa da série de verão?Henriqueta e Inácio
16%
Como se chama o vírus que atingem o colégio?Vírus Turdokai
10%

Distribuição das Pontuações

Percentil de Números Respondidos

Porcentagem de Pessoas com Cada Pontuação

Sua Pontuação Histórica

Você não jogou esse quiz